000 00919nam a2200253Ia 4500
003 OSt
005 20221005102815.0
006 a|||||r|||| 00| 0
007 ta
008 221004b |||||||| |||| 00| 0 hin d
024 _a31624
037 _cTextual
040 _aCRL
_cCRL
_bhin
041 _2hin
_ahin
082 _aP111,3:4k, 152M1
100 _aअवस्थी, सुरेश, संपा.
245 0 _aचैम्बर्स अंग्रेज़ी-हिन्दी कोश
246 _aChaimbarsa aangreज़ī-hindī kosha
260 _aअहमदाबाद
_bअलाईड पब्लिशर्स लिमिटेड भारत
_c1981
300 _a1620पृ.
_ccm.
650 _aहिन्दी भाषा
942 _hP111,3:4k, 152M1
_cTEXL
_2cc
999 _c1008975
_d1008975